LEADER 01668nam a2200289 i 4500 001 000000207817 003 CaOOAMICUS 005 20111117000000.0 008 111117s2011 it u000 u ita u 013 $a186600 020 $a978-88-372-2558-2 040 $aSeMil$bita 100 1 $aBecchi, Paolo,$d<1955- >.$0(OLS)http://semarc/name/27271 245 13$aIl testamento biologico :$bsui limiti delle «Disposizioni in materia di alleanza terapeutica, di consenso informato e di dichiarazioni anticipate di trattamento» ; in Appendice il disegno di legge con emendamenti /$cPaolo Becchi. 260 $aBrescia :$bMorcelliana,$c2011. 300 $a106 p. ;$c19 cm. 490 0 $aIl pellicano rosso. Nuova serie ;$v139 650 4$aMalati terminali - Assistenza sanitaria - Aspetti giuridici.$0(OLS)http://semarc/subject/46657 650 4$aTestamento biologico - Aspetti etici, medici e legali.$0(OLS)http://semarc/subject/46658 650 4$aBioetica - Aspetti giuridici.$0(OLS)http://semarc/subject/46659 830 3$aIl pellicano rosso. Nuova serie ;$v139.$0(OLS)http://semarc/title/11366 850 $aSeMil 852 $aSeMil$W1$xVenegono$y1$m2LA V 139$j266438$B158276$CSeMilBibl$Z2$F169492 $81 961 $aRecupero: Seminario di Seveso 996 $6020$a978-88-372-2558-2$9(OLS)http://semarc/number/202113 996 $6245$aIl testamento biologico :$bsui limiti delle «Disposizioni in materia di alleanza terapeutica, di consenso informato e di dichiarazioni anticipate di trattamento» ; in Appendice il disegno di legge con emendamenti$9(OLS)http://semarc/title/409572 996 $6260$aBrescia :$bMorcelliana$9(OLS)http://semarc/publisher/29629 LEADER 01203nam a2200253 i 4500 001 000000232241 003 CaOOAMICUS 005 20250819085943.0 008 140822s1953 it u000 u eng u 040 $aSeMil$bita 110 2 $aInternational Organization for the Study of Old Testament.$0(OLS)http://semarc/name/2406 245 10$aCongress volume, Copenhagen 1953. 260 $aLeiden :$bE. J. Brill,$c1953. 300 $aXV, 229 p., [1] p. di ritratto ;$c25 cm. 490 0 $aSupplements to Vetus Testamentum ;$vVolume1. 600 14$aBentzen, Aage <1894-1953>.$0(OLS)http://semarc/subject/41489 650 4$aBibbia. Antico Testamento - Commentari, studi, critica, interpretazioni.$0(OLS)http://semarc/subject/2 650 4$aBibbia. Antico Testamento - Atti di congressi.$0(OLS)http://semarc/subject/37751 830 0$aSupplements to Vetus Testamentum ;$v1.$0(OLS)http://semarc/title/41355 850 $aSeMil 852 $aSeMil$W1$xVenegono$y1$m2YA Q 1$j260687$B182587$CSeMilBibl$Z2$F193609 $81 996 $6245$aCongress volume, Copenhagen 1953$9(OLS)http://semarc/title/331402 996 $6260$aLeiden :$bE. J. Brill$9(OLS)http://semarc/publisher/30490